Неизвестный Алексеев. [Т. 5]: Вариации | Стихотворения последних лет (Запись № 11538906)

Подробности
000 -МАРКЕР
контрольное поле 01486nam2a2200289 4500
001 - ИДЕНТИФИКАТОР ЗАПИСИ
контрольное поле RU\NLR\BIBL_A\012363447
005 - ИДЕНТИФИКАТОР ВЕРСИИ
контрольное поле 20201015163110.0
010 ## - МЕЖДУНАРОДНЫЙ СТАНДАРТНЫЙ НОМЕР КНИГИ (ISBN)
Номер (ISBN) 978-5-6040737-1-1
Тираж 1000
021 ## - НОМЕР ГОСУДАРСТВЕННОЙ РЕГИСТРАЦИИ
Код страны Российская Федерация
Номер КН-П-20-031925
Номер Листа государственной регистраци КН-П-20-2447
035 ## - ДРУГИЕ СИСТЕМНЫЕ НОМЕРА
Идентификатор записи (NLR Aleph) 012363447
035 ## - ДРУГИЕ СИСТЕМНЫЕ НОМЕРА
Идентификатор записи (RuMoRGB)010347765
100 ## - ДАННЫЕ ОБЩЕЙ ОБРАБОТКИ
Данные общей обработки 20200925d2019 u y0rusy50 ca
101 0# - ЯЗЫК РЕСУРСА
Язык текста, звукозаписи и т.д. русский
102 ## - СТРАНА ПУБЛИКАЦИИ ИЛИ ПРОИЗВОДСТВА
Страна публикации Российская Федерация
105 ## - ПОЛЕ КОДИРОВАННЫХ ДАННЫХ: ТЕКСТОВЫЕ МАТЕРИАЛЫ, МОНОГРАФИЧЕСКИЕ
Кодированные данные о монографическом текстовом документе ac||z|||000ay
200 1# - ЗАГЛАВИЕ И СВЕДЕНИЯ ОБ ОТВЕТСТВЕННОСТИ
Основное заглавие Вариации
-- Стихотворения последних лет
210 ## - ПУБЛИКАЦИЯ, РАСПРОСТРАНЕНИЕ И ДР.
Дата издания, распространения и т.д. 2019
215 ## - ФИЗИЧЕСКАЯ ХАРАКТЕРИСТИКА
Специфическое обозначение материала и объем 474, [1] с., [6] л. ил., цв. ил., портр.
327 1# - ПРИМЕЧАНИЯ О СОДЕРЖАНИИ
Текст примечания Содерж.: разделы: Вариации (1978-1982); Стихотворения 1983-1984 гг.; Черновики
461 #0 - УРОВЕНЬ НАБОРА
Встроенное поле 001RU\NLR\BIBL_A\010983180
-- 2001#$aНеизвестный Алексеев$f[картины и рис. Г.И. Алексеева]$v[Т. 5]
-- 700#1$aАлексеев$bГ. И.$cпоэт, прозаик$cканд. архитектуры, художник$f1932-1987$gГеннадий Иванович$3RU\NLR\AUTH\77501
Системный номер (АБИС) связанной записи 10885395
Автор Алексеев, Г. И. (поэт, прозаик ; 1932-1987)
Место публикации Санкт-Петербург
Дата публикации 2015
Первые сведения об ответственности [картины и рис. Г.И. Алексеева]
Имя издателя, распространителя и т.д. Геликон Плюс
Заглавие Неизвестный Алексеев
Номер тома [Т. 5]
852 ## - МЕСТОНАХОЖДЕНИЕ И ШИФР ХРАНЕНИЯ
Идентификатор организации NLR
Шифр хранения (Call Number) 2015-3/3381
942 ## - ДОПОЛНИТЕЛЬНЫЕ ЭЛЕМЕНТЫ ЗАПИСИ (АБИС)
Тип экземпляра АБИС Книга
980 ## - КОЛЛЕКЦИЯ
Название коллекции НБР
980 ## - КОЛЛЕКЦИЯ
Название коллекции Национальная библиография

Нет доступных экземпляров.